UM Logo

Newsweek. (Record no. 7652)

MARC details
000 -LEADER
fixed length control field 00404nam a22001337a 4500
008 - FIXED-LENGTH DATA ELEMENTS--GENERAL INFORMATION
fixed length control field 171103b xxu||||| |||| 00| 0 eng d
022 ## - INTERNATIONAL STANDARD SERIAL NUMBER
International Standard Serial Number 0163-7061
082 ## - DEWEY DECIMAL CLASSIFICATION NUMBER
Edition number Sept-Nov 2004
Classification number DPer 051
Item number N479
245 ## - TITLE STATEMENT
Title Newsweek.
260 ## - PUBLICATION, DISTRIBUTION, ETC. (IMPRINT)
Place of publication, distribution, etc. New York:
Name of publisher, distributor, etc. Newsweek Inc.,
Date of publication, distribution, etc. Sept - Nov 2004.
300 ## - PHYSICAL DESCRIPTION
Extent 1(various paging):
Other physical details color illustrations;
Dimensions 26 cm
650 #0 - SUBJECT ADDED ENTRY--TOPICAL TERM
9 (RLIN) 23084
Topical term or geographic name as entry element Periodicals
Geographic subdivision United States
942 ## - ADDED ENTRY ELEMENTS (KOHA)
Source of classification or shelving scheme Dewey Decimal Classification
Koha item type Periodicals
Holdings
Withdrawn status Lost status Source of classification or shelving scheme Damaged status Not for loan Collection code Home library Current library Source of acquisition Total Checkouts Full call number Barcode Date last seen Copy number Price effective from Koha item type Public note
    Dewey Decimal Classification     Periodicals UM Digos College - LIC UM Digos College - LIC Purchased   DPer 051 N479 Sept - Nov 2004, v.144 n.12-21 00138 06/08/2021 1 11/03/2017 Periodicals Bound Periodicals